Guess the Disney Princess Movie - Statistics

General Stats
  • This quiz has been taken 174 times
  • The average score is 14 of 16
Answer Stats
Picture Answer % Correct
Moana
96%
Aladdin
95%
Mulan
95%
Pocahontas
95%
Sleeping Beauty
95%
Frozen
94%
Snow White and the Seven Dwarfs
94%
Beauty and the Beast
92%
Cinderella
92%
Brave
90%
Tangled
90%
The Princess and the Frog
90%
The Little Mermaid
85%
Encanto
83%
Raya and the Last Dragon
73%
Wish
59%
No matching quizzes found
Score Distribution
Percent of People with Each Score
Percentile by Number Answered
Your Score History
You have not taken this quiz